Výroba stopkových nástrojov brúsením

Enregistré dans:
Détails bibliographiques
Auteur principal: Frankovič, Juraj, 1988- (Auteur)
Autres auteurs: Pokorný, Peter, 1976- (Directeur de thèse)
Format: Manuscrit Livre
Langue:anglais
Publié: Trnava : STU v Bratislave MTF UVTE KOM, 2010
Sujets:
Accès en ligne:VAIS
Tags: Ajouter un tag
Pas de tags, Soyez le premier à ajouter un tag!

MARC

LEADER 00000ntm a22000003a 4500
001 stu217829
005 20160719160413.6
008 101130s2010----xo------------------eng-d
040 |a STU  |b slo 
041 0 |a eng 
044 |a xo 
100 1 |a Frankovič, Juraj,  |d 1988-  |4 aut  |X 48739  |7 A000048739 
242 0 0 |a Production of shank type tools by grinding  |y eng 
245 1 |a Výroba stopkových nástrojov brúsením 
260 |a Trnava :  |b STU v Bratislave MTF UVTE KOM,  |c 2010 
650 7 |a počítačová podpora výrobných technológií  |2 stusub 
650 7 |a Computing Support of Manufacturing Technologies  |2 estusub 
650 7 |a grinding  |2 estusub 
650 7 |a programming  |2 estusub 
650 7 |a simulation  |2 estusub 
650 7 |a brúsenie  |2 stusub 
650 7 |a programovanie  |2 stusub 
650 7 |a simulácia  |2 stusub 
700 1 |a Pokorný, Peter,  |d 1976-  |4 ths  |u M3000  |U MTF Materiálovotechnologická fakulta  |T MTF Ústav výrobných technológií  |X 2771  |U M3000  |Y 83  |7 A000002771 
856 4 |a info a plný text  |u http://is.stuba.sk/zp/portal_zp.pl?podrobnosti=47370  |3 VAIS 
996 |c M*BP-5055  |l MMSKP  |s P  |a 0  |w stu217829_0001